| 000 | 00607nam a2200217Ia 4500 | ||
|---|---|---|---|
| 003 | OSt | ||
| 005 | 20220928141646.0 | ||
| 006 | a|||||r|||| 00| 0 | ||
| 007 | ta | ||
| 008 | 220927b |||||||| |||| 00| 0 eng d | ||
| 024 | _a16519 | ||
| 037 | _cTextual | ||
| 040 |
_aSDCL _cSDCL _beng |
||
| 041 |
_2eng _aeng |
||
| 082 | _aWxM72, N6 | ||
| 100 |
_aIronside Philip _9501333 |
||
| 245 | 0 |
_aSocial and political thought of Bertrand Russell _b The development of an aristocratic liberalism |
|
| 260 | _c1996 | ||
| 942 |
_hWxM72, N6 _cTEXL _2CC |
||
| 999 |
_c818869 _d818869 |
||